Deutsch für Ökonomiestudenten II.

Guardado en:
Detalles Bibliográficos
Autor principal: Kokošková, Silvia
Autor Corporativo: Ekonomická univerzita v Bratislave. Podnikovohospodárska fakulta so sídlom v Košiciach
Formato: Libro
Lenguaje:alemán
Publicado: Bratislava Vydavateľstvo EKONÓM 2003
Materias:
Etiquetas: Agregar Etiqueta
Sin Etiquetas, Sea el primero en etiquetar este registro!

MARC

LEADER 00000nam$a2200000$$$4500
001 0001469
005 20240226122208.1
020 |a 80-225-1747-X 
041 0 |a ger 
044 |a SK 
245 1 0 |a Deutsch für Ökonomiestudenten II.  |c Silvia Kokošková 
264 1 |a Bratislava  |b Vydavateľstvo EKONÓM  |c 2003 
300 |a 172 s. 
610 2 0 |a jazykoveda 
610 2 0 |a terminológia 
610 2 0 |a jazyky cudzie 
610 2 0 |a ekonómia 
100 1 |a Kokošková, Silvia 
710 2 |a Ekonomická univerzita v Bratislave. Podnikovohospodárska fakulta so sídlom v Košiciach